000 00656nam a22002297a 4500
003 UA-OsUOA
001 104285
007 ta
008 20131210b un ||||| |||| 00| 0 ukr d
100 _aБунятян К.П.
700 _aПрищепа А.Б.
090 _a902
_bБ91
942 _cSA
040 _aUA-OsUOA
_bukr
_cUA-OsUOA
_dUA-OsUOA
245 _aДо зронології городоцько-здовбицької культури
300 _aС.62-69
955 _a0
041 _aukr
080 _a902
773 0 _w104284
_tАрхеологія
_dК.
_d2013
_g3
650 7 _a9 Географія. Біографії. Історія
_2UDC
999 _c389579
_d389579